|
|
|
|
| LEADER |
01241nam a2200361 a 4500 |
| 001 |
nkc20071758368 |
| 003 |
CZ PrNK |
| 005 |
20071211093006.0 |
| 007 |
ta |
| 008 |
071018s2007 xr a e f 000 0 cze |
| 015 |
|
|
|a cnb001758368
|
| 020 |
|
|
|a 978-80-902805-4-0
|q (brož.)
|
| 035 |
|
|
|a (OCoLC)190778597
|
| 040 |
|
|
|a ABA001
|b cze
|
| 072 |
|
7 |
|a 616
|x Patologie. Klinická medicína
|2 Konspekt
|9 14
|
| 080 |
|
|
|a 616-083.98
|2 MRF
|
| 080 |
|
|
|a (035)
|2 MRF
|
| 100 |
1 |
|
|a Kaufman, Jan
|7 jn20001227191
|4 aut
|
| 245 |
1 |
0 |
|a Záchranář :
|b první pomoc /
|c Jan Kaufman ; [spoluautor Petr Karger]
|
| 260 |
|
|
|a Praha :
|b Vodní záchranná služba ČČK,
|c 2007
|
| 300 |
|
|
|a 72 s. :
|b il. (převážně barev.) ;
|c 30 cm
|
| 504 |
|
|
|a Obsahuje bibliografii
|
| 650 |
0 |
7 |
|a první pomoc
|7 ph124698
|2 czenas
|
| 650 |
0 |
9 |
|a first aid
|2 eczenas
|
| 655 |
|
7 |
|a příručky
|7 fd133209
|2 czenas
|
| 655 |
|
9 |
|a handbooks and manuals
|2 eczenas
|
| 700 |
1 |
|
|a Karger, Petr
|7 jn20001227190
|4 ctb
|
| 910 |
2 |
|
|a BOA001
|b 4-1190.497
|
| 928 |
9 |
|
|a Vodní záchranná služba Českého červeného kříže
|
| 990 |
|
|
|a BK
|
| 995 |
|
|
|a 01
|
| 991 |
|
|
|b 200710
|c NOV
|
| 996 |
6 |
|
|b 2610322854
|c 4-1190.497
|l MZK
|r Sklad / do 1 hodiny
|n 3
|p p.v.
|w 000870096
|u 000010
|a 1
|e BOA001
|j MZK50
|s P
|